IMAGING FOR STUDENTS (Record no. 6667)

MARC details
000 -LEADER
fixed length control field 00344nam a2200145Ia 4500
008 - FIXED-LENGTH DATA ELEMENTS--GENERAL INFORMATION
fixed length control field 150301s2007 xx 000 0 und d
082 ## - DEWEY DECIMAL CLASSIFICATION NUMBER
Classification number 616.0757
Item number I07L
100 ## - MAIN ENTRY--PERSONAL NAME
Personal name LISLA, DAVID A.
245 ## - TITLE STATEMENT
Title IMAGING FOR STUDENTS
250 ## - EDITION STATEMENT
Edition statement 3RD
260 ## - PUBLICATION, DISTRIBUTION, ETC. (IMPRINT)
Name of publisher, distributor, etc. HODDER ARNOLD
Place of publication, distribution, etc. LONDON
Date of publication, distribution, etc. 2007
300 ## - PHYSICAL DESCRIPTION
Extent 283
650 ## - SUBJECT ADDED ENTRY--TOPICAL TERM
Topical term or geographic name as entry element RADIOLOGY
942 ## - ADDED ENTRY ELEMENTS (KOHA)
Source of classification or shelving scheme Dewey Decimal Classification
Koha item type Books
Koha issues (borrowed), all copies 17
Holdings
Withdrawn status Lost status Source of classification or shelving scheme Damaged status Not for loan Collection code Home library Current library Shelving location Date acquired Source of acquisition Cost, normal purchase price SGTU Bill Number Total Checkouts Full call number Barcode Date last seen Bill Date Koha item type Date last checked out
    Dewey Decimal Classification   Not For Loan MEDICAL SGT Medical Library SGT Medical Library Reference Book 02/07/2015 ABC DELHI 0.00 SGTU 4960   616.0757 I07L FM6911 02/07/2015 25/10/2014 Books  
    Dewey Decimal Classification     MEDICAL SGT Medical Library SGT Medical Library Reference Book 02/07/2015 ABC DELHI 0.00 SGTU 4960 9 616.0757 I07L FM6912 16/10/2023 25/10/2014 Books 04/10/2023
    Dewey Decimal Classification     MEDICAL SGT Medical Library SGT Medical Library Text Book 02/07/2015 ABC DELHI 0.00 SGTU 4960 9 616.0757 I07L FM6913 08/04/2024 25/10/2014 Books 22/03/2024
    Dewey Decimal Classification     MEDICAL SGT Medical Library SGT Medical Library Reference Book 02/07/2015 ABC DELHI 0.00 SGTU 4960 7 616.0757 I07L FM6914 03/05/2024 25/10/2014 Books 22/04/2024
    Dewey Decimal Classification     MEDICAL SGT Medical Library SGT Medical Library Reference Book 02/07/2015 ABC DELHI 0.00 SGTU 4960 7 616.0757 I07L FM6915 01/04/2023 25/10/2014 Books 29/03/2023